<?xml version="1.0" encoding="UTF-8"?>
<record
    xmlns:xsi="http://www.w3.org/2001/XMLSchema-instance"
    xsi:schemaLocation="http://www.loc.gov/MARC21/slim http://www.loc.gov/standards/marcxml/schema/MARC21slim.xsd"
    xmlns="http://www.loc.gov/MARC21/slim">

  <leader>00960nam0a22002891  4500</leader>
  <controlfield tag="001">RU\NLR\INFOCOMM_223\5000045528</controlfield>
  <controlfield tag="005">20250613094037.0</controlfield>
  <datafield tag="035" ind1=" " ind2=" ">
    <subfield code="a">(NLR Aleph) 009236686</subfield>
  </datafield>
  <datafield tag="090" ind1=" " ind2=" ">
    <subfield code="a">8899641</subfield>
    <subfield code="c">8899641</subfield>
  </datafield>
  <datafield tag="100" ind1=" " ind2=" ">
    <subfield code="a">20100629d1986    |||y0rusy50      ca</subfield>
  </datafield>
  <datafield tag="101" ind1="0" ind2=" ">
    <subfield code="a">ger</subfield>
  </datafield>
  <datafield tag="102" ind1=" " ind2=" ">
    <subfield code="a">RU</subfield>
  </datafield>
  <datafield tag="105" ind1=" " ind2=" ">
    <subfield code="a">y   ||||000|y</subfield>
  </datafield>
  <datafield tag="200" ind1="1" ind2=" ">
    <subfield code="a">Der Zionismus, wie ihn seine F&#xFC;hrer pr&#xE4;sentieren</subfield>
    <subfield code="f">Lionel Dadiani</subfield>
  </datafield>
  <datafield tag="210" ind1=" " ind2=" ">
    <subfield code="a">&#x39C;.</subfield>
    <subfield code="c">APN-Verl.</subfield>
    <subfield code="d">1986</subfield>
  </datafield>
  <datafield tag="215" ind1=" " ind2=" ">
    <subfield code="a">87 &#x441;.</subfield>
    <subfield code="d">17 &#x441;&#x43C;</subfield>
  </datafield>
  <datafield tag="300" ind1=" " ind2=" ">
    <subfield code="a">&#x412; &#x432;&#x44B;&#x43F;. &#x434;&#x430;&#x43D;.: &#x421;&#x438;&#x43E;&#x43D;&#x438;&#x437;&#x43C; &#x443;&#x441;&#x442;&#x430;&#x43C;&#x438; &#x435;&#x433;&#x43E; &#x43B;&#x438;&#x434;&#x435;&#x440;&#x43E;&#x432; / &#x41B;&#x438;&#x43E;&#x43D;&#x435;&#x43B;&#x44C; &#x42F;&#x43A;&#x43E;&#x432;&#x43B;&#x435;&#x432;&#x438;&#x447; &#x414;&#x430;&#x434;&#x438;&#x430;&#x43D;&#x438;</subfield>
  </datafield>
  <datafield tag="320" ind1=" " ind2=" ">
    <subfield code="a">&#x411;&#x438;&#x431;&#x43B;&#x438;&#x43E;&#x433;&#x440;.: &#x441;. 83-87</subfield>
  </datafield>
  <datafield tag="606" ind1=" " ind2=" ">
    <subfield code="a">&#x421;&#x438;&#x43E;&#x43D;&#x438;&#x437;&#x43C;</subfield>
    <subfield code="2">nlr_sh1</subfield>
  </datafield>
  <datafield tag="686" ind1=" " ind2=" ">
    <subfield code="a">&#x422;3(9=&#x415;)63-496</subfield>
    <subfield code="2">rubbk</subfield>
  </datafield>
  <datafield tag="700" ind1=" " ind2="1">
    <subfield code="9">z01790</subfield>
    <subfield code="a">Dadiani</subfield>
    <subfield code="b">L. J.</subfield>
    <subfield code="g">Lionel' Jakovlevi&#x10D;</subfield>
    <subfield code="4">070</subfield>
  </datafield>
  <datafield tag="790" ind1=" " ind2="1">
    <subfield code="9">z01700</subfield>
    <subfield code="a">Dadiani</subfield>
    <subfield code="b">L.</subfield>
    <subfield code="g">Lionel</subfield>
    <subfield code="4">070</subfield>
  </datafield>
  <datafield tag="801" ind1=" " ind2="1">
    <subfield code="a">RU</subfield>
    <subfield code="b">NLR</subfield>
    <subfield code="c">20100629</subfield>
  </datafield>
  <datafield tag="801" ind1=" " ind2="0">
    <subfield code="a">RU</subfield>
    <subfield code="b">NLR</subfield>
    <subfield code="g">PSBO</subfield>
  </datafield>
  <datafield tag="852" ind1=" " ind2=" ">
    <subfield code="a">NLR</subfield>
    <subfield code="j">&#x418;25 &#x414;-2/514</subfield>
  </datafield>
  <datafield tag="942" ind1=" " ind2=" ">
    <subfield code="c">BOOK</subfield>
  </datafield>
  <datafield tag="980" ind1=" " ind2=" ">
    <subfield code="a">NB</subfield>
  </datafield>
  <datafield tag="995" ind1=" " ind2=" ">
    <subfield code="5">2013-10-26</subfield>
    <subfield code="b">NLR01</subfield>
    <subfield code="c">NLR01</subfield>
    <subfield code="e">IF</subfield>
    <subfield code="f">9236686-10</subfield>
    <subfield code="k">&#x418;25 &#x414;-2/514</subfield>
    <subfield code="o">0</subfield>
    <subfield code="r">BOOK</subfield>
    <subfield code="s">25_2514</subfield>
  </datafield>
</record>
